000 01279cad a22001935a 4500
001 L151092
008 100929s2010 xxk d f 000 0 eng d
035 _a(Sirsi) u151092
041 0 _aeng
050 0 4 _a333.3309411 $2 18
110 2 _aSavills Research
_95211
245 0 0 _aSpotlight on development and investment
_bA new dawn the trends shaping residential development,investment and planning
_h[electronic resource]
260 _aLondon
_bSavills Research
_c2010
520 _aA shift in residential tenure from owner-occupation to the private rented sector, financial viability for investors and developers in the residential sector. The abandonment of top down planning with the focus on localism is changing the way the industry delivers housing. Residential development land market forecasts by region and type. Housebuilders are focusing on family housing units and downsizers. Concludes with a look at investment opportunities in the residential development sector.
651 4 _aENGLAND AND WALES
690 _aPROPERTY-RESIDENTIAL PROPERTY-RESIDENTIAL PROPERTY MARKET
856 4 0 _uhttps://pdf.v3.savills-vx.com/uk-residential-research/spotlight-on-development-and-investment---september-2010.pdf
_zView the item free of charge at www.savills.co.uk
942 _n0
999 _c111146
_d111146